| 000 | 00619nam a2200193Ia 4500 | ||
|---|---|---|---|
| 003 | GCL | ||
| 005 | 20240530095628.0 | ||
| 008 | 140319s9999 xx 000 0 ara d | ||
| 040 |
_aGCL / _cGCL |
||
| 082 | 0 | 4 |
_a305.4 _bع م |
| 100 | 1 | _aعبدالله محمد الغذامى | |
| 245 | 1 | 0 |
_aالمراة واللغة / _cعبدالله محمد الغذامى |
| 250 | _aالثالثة | ||
| 260 |
_aالمغرب : _bالمركز الثقافى العربى ، _c2006 |
||
| 300 |
_a247 ص ؛ _c21 سم |
||
| 650 | 0 | 4 | _aحقوق المرأة |
| 650 | 0 | 4 | _aالمرأة فى الادب العربى |
| 942 |
_2ddc _cBK |
||
| 999 |
_c8997 _d8997 |
||